[Event "Wch Blitz (Women)"]
[Site "St Petersburg"]
[Date "2018.12.30"]
[Round "10"]
[White "Bivol, Alina"]
[Black "Kosteniuk, Alexandra"]
[Result "1-0"]
[WhiteElo "2393"]
[BlackElo "2537"]
[PlyCount "59"]
[EventDate "2018.12.29"]
[EventType "swiss (blitz)"]
[EventRounds "17"]
[EventCountry "RUS"]
[SourceTitle "CBM 187 Extra"]
[Source "ChessBase"]
[SourceDate "2018.11.04"]
[SourceVersion "1"]
[SourceVersionDate "2018.11.04"]
[SourceQuality "1"]

1. g3 d5 2. Bg2 c5 3. Nf3 Nc6 4. d4 cxd4 5. Nxd4 e5 6. Nxc6 bxc6 7. c4 Nf6 8.
Nc3 Be6 9. Bg5 Bb4 10. O-O Bxc3 11. bxc3 O-O 12. cxd5 Bxd5 13. Bxf6 gxf6 14.
Qc2 Bxg2 15. Kxg2 Qd5+ 16. Kg1 Rfd8 17. Rfd1 Qc4 18. Qf5 Kg7 19. Rd3 Rxd3 20.
exd3 Qxc3 21. Rb1 Qd4 22. Rb7 Rf8 23. Rd7 Qa1+ 24. Kg2 Qxa2 25. Rd6 Qd2 26.
Qxf6+ Kg8 27. Qxe5 h6 28. Rd4 f5 29. Qe6+ Kh8 30. Rd7 1-0

[Event "Wch Blitz (Women)"]
[Site "St Petersburg"]
[Date "2018.12.30"]
[Round "11"]
[White "Arabidze, Meri"]
[Black "Kosteniuk, Alexandra"]
[Result "0-1"]
[WhiteElo "2387"]
[BlackElo "2537"]
[PlyCount "142"]
[EventDate "2018.12.29"]
[EventType "swiss (blitz)"]
[EventRounds "17"]
[EventCountry "RUS"]
[SourceTitle "CBM 187 Extra"]
[Source "ChessBase"]
[SourceDate "2018.11.04"]
[SourceVersion "1"]
[SourceVersionDate "2018.11.04"]
[SourceQuality "1"]

1. Nf3 Nf6 2. e3 c5 3. b3 Nc6 4. Bb2 e6 5. c4 b6 6. Be2 Bb7 7. O-O Be7 8. d3
O-O 9. Nbd2 d5 10. cxd5 Nxd5 11. Nc4 Bf6 12. Qd2 Qc7 13. Rfd1 b5 14. Bxf6 Nxf6
15. Na3 a6 16. Rac1 Qe7 17. Qb2 Rfd8 18. h3 Rac8 19. Nb1 Rd7 20. Nbd2 Nb4 21.
Ne5 Rdc7 22. a3 Nbd5 23. Ndf3 h6 24. Rc2 Qd6 25. Rdc1 Ne7 26. d4 cxd4 27. Rxc7
Rxc7 28. Rxc7 Qxc7 29. Qxd4 Nf5 30. Qb2 Ne4 31. a4 f6 32. Nd3 Ng5 33. Nxg5 hxg5
34. axb5 axb5 35. Qc1 Qxc1+ 36. Nxc1 Nd6 37. Nd3 Kf7 38. Nc5 Bd5 39. b4 Bc4 40.
Kf1 Ke7 41. Ke1 f5 42. f3 Bd5 43. Kd2 g4 44. hxg4 fxg4 45. e4 gxf3 46. gxf3 Bc6
47. Ke3 e5 48. f4 exf4+ 49. Kxf4 Nf7 50. Bh5 Nd8 51. Be2 Nf7 52. Bh5 Nd6 53.
Be2 Nc8 54. Ke5 Nb6 55. Kd4 Kd6 56. e5+ Ke7 57. Nd3 Nd7 58. Nc5 Nf8 59. Bg4 g5
60. Nd3 Ne6+ 61. Ke3 Nc7 62. Kd4 Bd7 63. Bxd7 Kxd7 64. Kc5 g4 65. Nf4 g3 66.
Kb6 Nd5+ 67. Nxd5 g2 68. e6+ Ke8 69. Nf6+ Kd8 70. e7+ Kxe7 71. Nd5+ Kd6 0-1

[Event "Wch Blitz (Women)"]
[Site "St Petersburg"]
[Date "2018.12.30"]
[Round "12"]
[White "Kosteniuk, Alexandra"]
[Black "Khotenashvili, Bela"]
[Result "1/2-1/2"]
[WhiteElo "2537"]
[BlackElo "2479"]
[PlyCount "134"]
[EventDate "2018.12.29"]
[EventType "swiss (blitz)"]
[EventRounds "17"]
[EventCountry "RUS"]
[SourceTitle "CBM 187 Extra"]
[Source "ChessBase"]
[SourceDate "2018.11.04"]
[SourceVersion "1"]
[SourceVersionDate "2018.11.04"]
[SourceQuality "1"]

1. e4 c6 2. c4 g6 3. Nc3 Bg7 4. d4 e6 5. Nf3 Ne7 6. e5 d5 7. exd6 Qxd6 8. Ne4
Qc7 9. Bg5 Nd7 10. Qd2 Nf5 11. O-O-O O-O 12. g4 Nd6 13. Nc3 Nf6 14. Bf4 Qd8 15.
g5 Nh5 16. Be5 Nf5 17. Bxg7 Kxg7 18. Ne5 f6 19. gxf6+ Nxf6 20. h4 c5 21. dxc5
Qc7 22. Nd3 Rd8 23. h5 Nxh5 24. Ne4 Rd4 25. Qc3 Kf7 26. Nd6+ Rxd6 27. cxd6 Nxd6
28. Ne5+ Kg8 29. Bg2 Nf5 30. Be4 Nf6 31. Bf3 Qe7 32. Rhe1 a5 33. Ng4 Nxg4 34.
Bxg4 Qg5+ 35. Kb1 Qxg4 36. Rd8+ Kf7 37. Qh8 g5 38. Rxc8 Rxc8 39. Qxc8 Qf3 40.
Qxe6+ Kg7 41. Qe5+ Kg6 42. Qe6+ Kg7 43. Qd7+ Kg6 44. Re6+ Kh5 45. Qxh7+ Kg4 46.
Re1 Qxf2 47. Qh1 Ng3 48. Qg1 Qd2 49. Rd1 Qe2 50. Rc1 Qd3+ 51. Ka1 a4 52. Qd1+
Qxd1 53. Rxd1 Ne4 54. Rd7 Kf3 55. Rf7+ Ke3 56. Rxb7 g4 57. Rg7 g3 58. c5 Kf2
59. Rf7+ Ke3 60. Rg7 Kf2 61. c6 g2 62. Rxg2+ Kxg2 63. c7 Nd6 64. b4 axb3 65.
axb3 Kf3 66. b4 Ke4 67. b5 Nc8 1/2-1/2

[Event "Wch Blitz (Women)"]
[Site "St Petersburg"]
[Date "2018.12.30"]
[Round "13"]
[White "Kosteniuk, Alexandra"]
[Black "Gaponenko, Inna"]
[Result "0-1"]
[WhiteElo "2537"]
[BlackElo "2420"]
[PlyCount "114"]
[EventDate "2018.12.29"]
[EventType "swiss (blitz)"]
[EventRounds "17"]
[EventCountry "RUS"]
[SourceTitle "CBM 187 Extra"]
[Source "ChessBase"]
[SourceDate "2018.11.04"]
[SourceVersion "1"]
[SourceVersionDate "2018.11.04"]
[SourceQuality "1"]

1. Nf3 c5 2. c4 Nc6 3. Nc3 e5 4. g3 g6 5. Bg2 Bg7 6. O-O Nge7 7. e4 d6 8. Rb1
O-O 9. a3 a5 10. d3 h6 11. b3 f5 12. exf5 gxf5 13. Nh4 f4 14. Nd5 Nd4 15. Qh5
Nxd5 16. Bxd5+ Be6 17. Be4 Qg5 18. Qg6 Qxg6 19. Nxg6 Rf6 20. Rb2 Kf7 21. Nh4
Rb8 22. f3 fxg3 23. hxg3 b5 24. Rff2 Ke7 25. f4 exf4 26. Bxf4 Kd7 27. Kg2 Rff8
28. Ng6 Rf7 29. Be3 Nf5 30. Bxf5 Bxf5 31. Nh4 Bxb2 32. Nxf5 Bxa3 33. Bxh6 bxc4
34. bxc4 Rb2 35. g4 Rxf2+ 36. Kxf2 Bb2 37. Ke2 a4 38. Kd2 a3 39. Kc2 Rf6 40.
Kb3 Re6 41. Be3 Kc6 42. Ka2 d5 43. cxd5+ Kxd5 44. Kb3 Ra6 45. Ka2 Re6 46. Kb3
Re5 47. Ka2 c4 48. dxc4+ Kxc4 49. Nd6+ Kb4 50. Nf5 Rd5 51. Bh6 Rd1 52. Bf8+ Ka4
53. Bxa3 Bxa3 54. Ne3 Rd2+ 55. Kb1 Kb3 56. g5 Re2 57. Nc2 Rxc2 0-1

[Event "Wch Blitz (Women)"]
[Site "St Petersburg"]
[Date "2018.12.30"]
[Round "14"]
[White "Mamedjarova, Turkan"]
[Black "Kosteniuk, Alexandra"]
[Result "0-1"]
[WhiteElo "2295"]
[BlackElo "2537"]
[PlyCount "104"]
[EventDate "2018.12.29"]
[EventType "swiss (blitz)"]
[EventRounds "17"]
[EventCountry "RUS"]
[SourceTitle "CBM 187 Extra"]
[Source "ChessBase"]
[SourceDate "2018.11.04"]
[SourceVersion "1"]
[SourceVersionDate "2018.11.04"]
[SourceQuality "1"]

1. d4 Nf6 2. Nf3 d5 3. c4 e6 4. Nc3 dxc4 5. e3 a6 6. Bxc4 b5 7. Bb3 Bb7 8. O-O
Nbd7 9. Qe2 c5 10. Rd1 Qb6 11. d5 c4 12. dxe6 Qxe6 13. Bc2 Bc5 14. a3 Qg4 15.
h3 Bxf3 16. Qxf3 Qxf3 17. gxf3 Rd8 18. f4 Nb6 19. Re1 O-O 20. e4 Rfe8 21. f5
Nfd7 22. Bf4 Ne5 23. Bxe5 Rxe5 24. Rad1 Ree8 25. Kg2 f6 26. f4 Kf7 27. Kf3 Rd4
28. b4 cxb3 29. Bxb3+ Kf8 30. Nd5 Nxd5 31. Bxd5 Rxd1 32. Rxd1 Bxa3 33. Bb3 Rc8
34. Be6 Rc7 35. Rd8+ Ke7 36. Ra8 h5 37. Rxa6 Rc3+ 38. Kg2 Bc1 39. Ra7+ Kd6 40.
Rd7+ Kc6 41. Rxg7 Bxf4 42. Rh7 Rg3+ 43. Kf2 Rxh3 44. Rf7 Be5 45. Rf8 b4 46.
Rc8+ Kb6 47. Bd5 b3 48. Rc4 b2 49. Rb4+ Kc5 50. Rb7 Rh1 51. Ba2 Ra1 52. Ra7
b1=Q 0-1

[Event "Wch Blitz (Women)"]
[Site "St Petersburg"]
[Date "2018.12.30"]
[Round "15"]
[White "Kosteniuk, Alexandra"]
[Black "Shuvalova, Polina"]
[Result "0-1"]
[WhiteElo "2537"]
[BlackElo "2441"]
[PlyCount "152"]
[EventDate "2018.12.29"]
[EventType "swiss (blitz)"]
[EventRounds "17"]
[EventCountry "RUS"]
[SourceTitle "CBM 187 Extra"]
[Source "ChessBase"]
[SourceDate "2018.11.04"]
[SourceVersion "1"]
[SourceVersionDate "2018.11.04"]
[SourceQuality "1"]

1. e4 c6 2. c4 d5 3. cxd5 cxd5 4. exd5 Nf6 5. Nc3 g6 6. Nf3 Bg7 7. Bc4 Nbd7 8.
d3 O-O 9. O-O a6 10. a4 b6 11. b3 Bb7 12. Ba3 Ne8 13. Rc1 Rc8 14. Re1 Nd6 15.
Ne4 Nc5 16. Nxd6 exd6 17. d4 Nd7 18. Bxd6 Re8 19. Rxe8+ Qxe8 20. Qd3 Nf6 21.
Re1 Qd7 22. Ba3 Nxd5 23. Ne5 Qe6 24. Qd2 Qf5 25. Bd3 Qf4 26. Qxf4 Nxf4 27. Bf1
Ne6 28. Nc4 Rd8 29. Nxb6 Bxd4 30. Nc4 Bd5 31. Be7 Rb8 32. Ne3 Bxb3 33. a5 Bc3
34. Rb1 Rb7 35. Bc4 Rxe7 36. Rxb3 Bxa5 37. Bxa6 Rc7 38. g3 Kg7 39. Kg2 Rc5 40.
Rb7 Rc7 41. Rb5 Bc3 42. Nd5 Rc6 43. Bb7 Rc4 44. Ne3 Rc5 45. Rb3 Bd4 46. Nd5 Rc2
47. Rf3 Ng5 48. Rf4 Ne6 49. Rf3 Ng5 50. Rf4 Be5 51. Ra4 Ne6 52. Ne3 Rb2 53. Bd5
Bd4 54. Nd1 Rd2 55. Bf3 Ng5 56. Bg4 h5 57. h4 hxg4 58. hxg5 Rxd1 59. Ra2 Rd3
60. Re2 Bb6 61. Rc2 Bd8 62. Rc4 Bxg5 63. Rxg4 Bf6 64. Ra4 Rd2 65. Kf3 Rd3+ 66.
Ke2 Rb3 67. Re4 Kf8 68. Rf4 Kg7 69. Re4 Ra3 70. Rf4 Be5 71. Re4 Bd6 72. Rc4 Bb8
73. Rc2 Ba7 74. Rb2 Bd4 75. Rc2 Rb3 76. Rc4 Rb2+ 0-1

[Event "Wch Blitz (Women)"]
[Site "St Petersburg"]
[Date "2018.12.30"]
[Round "16"]
[White "Nebolsina, Vera"]
[Black "Kosteniuk, Alexandra"]
[Result "0-1"]
[WhiteElo "2242"]
[BlackElo "2537"]
[PlyCount "68"]
[EventDate "2018.12.29"]
[EventType "swiss (blitz)"]
[EventRounds "17"]
[EventCountry "RUS"]
[SourceTitle "CBM 187 Extra"]
[Source "ChessBase"]
[SourceDate "2018.11.04"]
[SourceVersion "1"]
[SourceVersionDate "2018.11.04"]
[SourceQuality "1"]

1. e4 e5 2. Nf3 Nc6 3. Bc4 Bc5 4. d3 Nf6 5. h3 h6 6. a4 a5 7. Nc3 d6 8. Nd5
Nxd5 9. Bxd5 Ne7 10. Bb3 Ng6 11. c3 O-O 12. O-O Qf6 13. d4 Bb6 14. Be3 Nf4 15.
dxe5 dxe5 16. Bxb6 cxb6 17. Nh2 Qg5 18. Qf3 Bxh3 19. g3 Bxf1 20. Kxf1 Ne6 21.
Ng4 Rad8 22. Ne3 Nc5 23. Bd5 Kh8 24. Kg2 g6 25. Rh1 Kg7 26. Qe2 Ne6 27. Kf1 Rd7
28. Qb5 Qd8 29. Bxe6 fxe6 30. Qxe5+ Qf6 31. Qxf6+ Rxf6 32. Ng4 Rd1+ 33. Kg2
Rxh1 34. Nxf6 Rb1 0-1

[Event "Saint Louis Cairns Cup (Women) 1st"]
[Site "Saint Louis"]
[Date "2019.02.06"]
[Round "1"]
[White "Paehtz, Elisabeth"]
[Black "Kosteniuk, Alexandra"]
[Result "0-1"]
[WhiteElo "2466"]
[BlackElo "2532"]
[PlyCount "72"]
[EventDate "2019.02.06"]
[EventType "tourn"]
[EventRounds "9"]
[EventCountry "USA"]
[EventCategory "10"]
[SourceTitle "CBM 188 Extra"]
[Source "ChessBase"]
[SourceDate "2019.02.26"]
[SourceVersion "1"]
[SourceVersionDate "2019.02.26"]
[SourceQuality "1"]

1. d4 Nf6 2. c4 e6 3. g3 c5 4. d5 exd5 5. cxd5 d6 6. Nc3 g6 7. Bg2 Bg7 8. Nf3
O-O 9. O-O Re8 10. Bf4 h6 11. Re1 g5 12. Bd2 Bf5 13. h4 g4 14. Nh2 Qb6 15. e4
Bg6 16. e5 dxe5 17. Nxg4 Nxg4 18. Qxg4 f5 19. Qe2 Nd7 20. h5 Bh7 21. g4 e4 22.
gxf5 Bxf5 23. Bf4 Nf6 24. d6 Kh7 25. Qd2 Qc6 26. Rad1 Rad8 27. Nd5 Nxh5 28. Bh2
Bd4 29. Ne7 Rxe7 30. dxe7 Rg8 31. e8=Q Qxe8 32. Kh1 Rxg2 33. Kxg2 Qg6+ 34. Bg3
Bg4 35. Qc1 Bf3+ 36. Kh2 Nxg3 0-1

[Event "Saint Louis Cairns Cup (Women) 1st"]
[Site "Saint Louis"]
[Date "2019.02.07"]
[Round "2"]
[White "Kosteniuk, Alexandra"]
[Black "Zatonskih, Anna"]
[Result "1/2-1/2"]
[WhiteElo "2532"]
[BlackElo "2428"]
[PlyCount "82"]
[EventDate "2019.02.06"]
[EventType "tourn"]
[EventRounds "9"]
[EventCountry "USA"]
[EventCategory "10"]
[SourceTitle "CBM 188 Extra"]
[Source "ChessBase"]
[SourceDate "2019.02.26"]
[SourceVersion "1"]
[SourceVersionDate "2019.02.26"]
[SourceQuality "1"]

1. e4 e5 2. Nf3 Nf6 3. Nxe5 d6 4. Nf3 Nxe4 5. c4 Be7 6. d4 d5 7. Bd3 Bb4+ 8.
Kf1 Be7 9. cxd5 Nf6 10. Nc3 Nxd5 11. Nxd5 Qxd5 12. Qe2 Bf5 13. Bc4 Qe4 14. Be3
O-O 15. Ne5 Be6 16. Bd3 Qh4 17. Nf3 Qh5 18. Bf4 c6 19. Qe5 Qxe5 20. dxe5 Nd7
21. Nd4 Nc5 22. Be2 Rfd8 23. Be3 Rd5 24. f4 Rad8 25. Nxe6 Nxe6 26. Bf3 Rd3 27.
Kf2 Bc5 28. Bxc5 Nxc5 29. b3 Ne6 30. f5 Rd2+ 31. Kg3 Nd4 32. Kf4 g6 33. fxg6
hxg6 34. h4 Nf5 35. h5 Kg7 36. Kg5 Nd4 37. hxg6 fxg6 38. Kg4 Nf5 39. Kg5 Nd4
40. Kg4 Nf5 41. Kg5 Nd4 1/2-1/2

[Event "Saint Louis Cairns Cup (Women) 1st"]
[Site "Saint Louis"]
[Date "2019.02.08"]
[Round "3"]
[White "Abdumalik, Zhansaya"]
[Black "Kosteniuk, Alexandra"]
[Result "0-1"]
[WhiteElo "2468"]
[BlackElo "2532"]
[PlyCount "76"]
[EventDate "2019.02.06"]
[EventType "tourn"]
[EventRounds "9"]
[EventCountry "USA"]
[EventCategory "10"]
[SourceTitle "CBM 188 Extra"]
[Source "ChessBase"]
[SourceDate "2019.02.26"]
[SourceVersion "1"]
[SourceVersionDate "2019.02.26"]
[SourceQuality "1"]

1. e4 e5 2. Nf3 Nc6 3. Bb5 a6 4. Ba4 Nf6 5. O-O b5 6. Bb3 Bc5 7. c3 d6 8. d4
Bb6 9. Be3 O-O 10. Nbd2 h6 11. Re1 Ng4 12. Nf1 exd4 13. cxd4 Na5 14. Bc2 c5 15.
h3 Nxe3 16. Nxe3 cxd4 17. Nd5 Nc4 18. Nxb6 Qxb6 19. b3 Ne5 20. Rc1 b4 21. Bb1
a5 22. Nxd4 Bxh3 23. Nc6 Nxc6 24. Qxd6 Ra6 25. gxh3 Rd8 26. Qg3 Nd4 27. e5 Qb5
28. Rc4 Qd5 29. Qg2 Nf3+ 30. Kh1 Qxe5 31. Rec1 Qe2 32. Rc8 Rad6 33. Rxd8+ Rxd8
34. Qf1 Qe5 35. Qg2 Qf4 36. Rf1 Rd2 37. Rg1 g5 38. Rf1 Kg7 0-1

[Event "Saint Louis Cairns Cup (Women) 1st"]
[Site "Saint Louis"]
[Date "2019.02.09"]
[Round "4"]
[White "Sebag, Marie"]
[Black "Kosteniuk, Alexandra"]
[Result "0-1"]
[WhiteElo "2476"]
[BlackElo "2532"]
[PlyCount "94"]
[EventDate "2019.02.06"]
[EventType "tourn"]
[EventRounds "9"]
[EventCountry "USA"]
[EventCategory "10"]
[SourceTitle "CBM 188 Extra"]
[Source "ChessBase"]
[SourceDate "2019.02.26"]
[SourceVersion "1"]
[SourceVersionDate "2019.02.26"]
[SourceQuality "1"]

1. e4 e5 2. Nf3 Nc6 3. Nc3 Nf6 4. d4 exd4 5. Nxd4 Bb4 6. Nxc6 bxc6 7. Bd3 O-O
8. O-O d5 9. Bd2 Rb8 10. Re1 Ng4 11. h3 Ne5 12. Bf1 d4 13. Nb1 Bc5 14. Bf4 Ng6
15. Bc1 Qh4 16. Qf3 Ne5 17. Qf4 Qe7 18. Qg3 h5 19. b3 Re8 20. Bf4 Bb4 21. Rd1
Ng6 22. Nd2 h4 23. Qf3 Nxf4 24. Qxf4 Bd6 25. Qf3 Qe5 26. Bc4 Qh2+ 27. Kf1 Be6
28. Ke2 Bb4 29. Bxe6 Rxe6 30. Nc4 Rbe8 31. Rh1 Rxe4+ 32. Kd3 Qf4 33. Qxf4 Rxf4
34. f3 Bc3 35. Raf1 Rf6 36. Rhg1 Rg6 37. Rf2 Rge6 38. f4 f6 39. Rf3 c5 40. g3
hxg3 41. Rfxg3 R8e7 42. R3g2 Kh7 43. a4 Re1 44. f5 Bb4 45. Rxe1 Rxe1 46. Re2
Rh1 47. Re7 Rd1+ 0-1

[Event "Saint Louis Cairns Cup (Women) 1st"]
[Site "Saint Louis"]
[Date "2019.02.10"]
[Round "5"]
[White "Kosteniuk, Alexandra"]
[Black "Khotenashvili, Bela"]
[Result "1-0"]
[WhiteElo "2532"]
[BlackElo "2491"]
[PlyCount "107"]
[EventDate "2019.02.06"]
[EventType "tourn"]
[EventRounds "9"]
[EventCountry "USA"]
[EventCategory "10"]
[SourceTitle "CBM 188 Extra"]
[Source "ChessBase"]
[SourceDate "2019.02.26"]
[SourceVersion "1"]
[SourceVersionDate "2019.02.26"]
[SourceQuality "1"]

1. d4 Nf6 2. c4 g6 3. Nc3 d5 4. Nf3 Bg7 5. e3 O-O 6. cxd5 Nxd5 7. Bc4 Nb6 8.
Bb3 c5 9. O-O cxd4 10. exd4 Nc6 11. d5 Na5 12. h3 Nxb3 13. axb3 e6 14. d6 Bd7
15. Nd4 Qf6 16. Ndb5 a6 17. Nc7 Rad8 18. Ra5 h6 19. Ne4 Qh4 20. f3 f5 21. Nc5
Qb4 22. Qd2 Bd4+ 23. Kh1 Bxc5 24. Qxh6 Rf6 25. Bd2 Qd4 26. Bc3 Qd3 27. Raa1
Rdf8 28. Qh4 Kg7 29. Rad1 Qc2 30. Rc1 Qd3 31. Rcd1 Qe2 32. Rde1 Qd3 33. Rd1 Qc2
34. Rc1 Qxb3 35. Bxf6+ Rxf6 36. Rxc5 Qd3 37. Rcc1 Qxd6 38. Rfd1 Qe7 39. Qf2 e5
40. Qc5 Qxc5 41. Rxc5 Rc6 42. Rxc6 Bxc6 43. Ne6+ Kf6 44. Nd8 Bd5 45. Nxb7 e4
46. fxe4 fxe4 47. Nc5 Ke5 48. Nxa6 e3 49. Nb4 Bc4 50. Kg1 e2 51. Re1 Ke4 52.
Kf2 Nd7 53. b3 Bb5 54. Na2 1-0

[Event "Saint Louis Cairns Cup (Women) 1st"]
[Site "Saint Louis"]
[Date "2019.02.12"]
[Round "6"]
[White "Krush, Irina"]
[Black "Kosteniuk, Alexandra"]
[Result "1/2-1/2"]
[WhiteElo "2435"]
[BlackElo "2532"]
[PlyCount "66"]
[EventDate "2019.02.06"]
[EventType "tourn"]
[EventRounds "9"]
[EventCountry "USA"]
[EventCategory "10"]
[SourceTitle "CBM 188 Extra"]
[Source "ChessBase"]
[SourceDate "2019.02.26"]
[SourceVersion "1"]
[SourceVersionDate "2019.02.26"]
[SourceQuality "1"]

1. d4 Nf6 2. c4 e6 3. Nc3 Bb4 4. Qc2 c5 5. dxc5 O-O 6. a3 Bxc5 7. Nf3 b6 8. Bf4
Bb7 9. Rd1 Nc6 10. e3 Re8 11. Be2 Rc8 12. O-O h6 13. Bd6 Bxd6 14. Rxd6 Ne7 15.
e4 Ng6 16. Rfd1 Qc7 17. e5 Ng4 18. Rxd7 Qb8 19. R7d4 N4xe5 20. Ne4 Rcd8 21. Nd6
Nxf3+ 22. gxf3 e5 23. R4d2 Re6 24. Nxb7 Rxd2 25. Qxd2 Qxb7 26. Qd7 Qxd7 27.
Rxd7 Nf4 28. Kf1 Kf8 29. Rxa7 Rd6 30. Ke1 Ng2+ 31. Kf1 Nf4 32. Ke1 Ng2+ 33. Kf1
Nf4 1/2-1/2

[Event "Saint Louis Cairns Cup (Women) 1st"]
[Site "Saint Louis"]
[Date "2019.02.13"]
[Round "7"]
[White "Kosteniuk, Alexandra"]
[Black "Harika, Dronavalli"]
[Result "1/2-1/2"]
[WhiteElo "2532"]
[BlackElo "2471"]
[PlyCount "96"]
[EventDate "2019.02.06"]
[EventType "tourn"]
[EventRounds "9"]
[EventCountry "USA"]
[EventCategory "10"]
[SourceTitle "CBM 188 Extra"]
[Source "ChessBase"]
[SourceDate "2019.02.26"]
[SourceVersion "1"]
[SourceVersionDate "2019.02.26"]
[SourceQuality "1"]

1. e4 e6 2. d4 d5 3. Nc3 Bb4 4. e5 c5 5. a3 Bxc3+ 6. bxc3 Ne7 7. a4 Qa5 8. Qd2
Nbc6 9. Nf3 f6 10. Bd3 fxe5 11. Nxe5 cxd4 12. Nxc6 Nxc6 13. cxd4 Qxd2+ 14. Kxd2
O-O 15. Ke3 e5 16. dxe5 Nxe5 17. f3 Bd7 18. Re1 Rae8 19. Kd2 Rxf3 20. Rxe5
Rxd3+ 21. cxd3 Rxe5 22. Rb1 Bc6 23. Rb4 d4 24. Rxd4 Ra5 25. Bb2 Rxa4 26. Rxa4
Bxa4 27. Bd4 a6 28. h4 Kf7 29. Kc3 g6 30. Bb6 Ke6 31. Kb4 Bc6 32. g3 Kd5 33.
Ka5 Bd7 34. d4 Kc4 35. Bc5 b5 36. Be7 Bc8 37. Bc5 Bb7 38. Be7 Kxd4 39. Bb4 Ke5
40. Bc5 Ke6 41. Bb4 Kf5 42. Bc5 Kg4 43. Bd6 Bc8 44. Bc7 Kf3 45. Bd6 Bb7 46. Bc7
Be4 47. Bd6 Bd3 48. Kb4 Be2 1/2-1/2

[Event "Saint Louis Cairns Cup (Women) 1st"]
[Site "Saint Louis"]
[Date "2019.02.14"]
[Round "8"]
[White "Dzagnidze, Nana"]
[Black "Kosteniuk, Alexandra"]
[Result "1/2-1/2"]
[WhiteElo "2513"]
[BlackElo "2532"]
[PlyCount "136"]
[EventDate "2019.02.06"]
[EventType "tourn"]
[EventRounds "9"]
[EventCountry "USA"]
[EventCategory "10"]
[SourceTitle "CBM 188 Extra"]
[Source "ChessBase"]
[SourceDate "2019.02.26"]
[SourceVersion "1"]
[SourceVersionDate "2019.02.26"]
[SourceQuality "1"]

1. d4 Nf6 2. c4 e6 3. Nc3 Bb4 4. f3 Nc6 5. e4 d5 6. e5 Ng8 7. a3 Bxc3+ 8. bxc3
dxc4 9. Rb1 a6 10. Nh3 Na5 11. Qa4+ c6 12. Qc2 c5 13. dxc5 Qd5 14. Be3 Qxe5 15.
Kf2 Ne7 16. Qa4+ Nec6 17. Bxc4 Nxc4 18. Qxc4 O-O 19. Rhd1 Qc7 20. Rd6 Ne7 21.
g4 Nd5 22. Nf4 Nxe3 23. Kxe3 b5 24. Qd4 Bb7 25. Kd2 Bxf3 26. Rf1 Bc6 27. Qe5
Rad8 28. Nh5 f6 29. Qxe6+ Qf7 30. Re1 Rxd6+ 31. cxd6 Qxe6 32. Rxe6 Rd8 33. Ke3
Bd5 34. Re7 Bf7 35. Ra7 Bxh5 36. gxh5 Rxd6 37. h6 gxh6 38. Ke4 Rc6 39. Kf5 Rxc3
40. Ra8+ Kf7 41. Ra7+ Kf8 42. Rxa6 Ke7 43. Re6+ Kd7 44. Rxf6 Rh3 45. Kg4 Rxh2
46. Rb6 h5+ 47. Kf4 Rf2+ 48. Ke5 Rg2 49. Kf4 Rg4+ 50. Kf5 h6 51. Rxh6 Rc4 52.
Ke5 h4 53. Kd5 Ke7 54. Ke5 Kf7 55. Kf5 Ke7 56. Ke5 Kd7 57. Kd5 Kc7 58. a4 Rxa4
59. Kc5 Kd7 60. Kxb5 Rg4 61. Kc5 Ke7 62. Kd5 Kf7 63. Ke5 Kg7 64. Kf5 Ra4 65.
Rg6+ Kh7 66. Rg4 Ra5+ 67. Kf4 Rh5 68. Rg1 Ra5 1/2-1/2

[Event "Saint Louis Cairns Cup (Women) 1st"]
[Site "Saint Louis"]
[Date "2019.02.15"]
[Round "9"]
[White "Kosteniuk, Alexandra"]
[Black "Gunina, Valentina"]
[Result "1/2-1/2"]
[WhiteElo "2532"]
[BlackElo "2501"]
[PlyCount "132"]
[EventDate "2019.02.06"]
[EventType "tourn"]
[EventRounds "9"]
[EventCountry "USA"]
[EventCategory "10"]
[SourceTitle "CBM 188 Extra"]
[Source "ChessBase"]
[SourceDate "2019.02.26"]
[SourceVersion "1"]
[SourceVersionDate "2019.02.26"]
[SourceQuality "1"]

1. e4 e5 2. Nf3 Nc6 3. Bb5 Nf6 4. d3 Bc5 5. Bxc6 dxc6 6. Nbd2 Nd7 7. Nc4 Qe7 8.
a3 a5 9. b3 O-O 10. Bb2 f6 11. O-O Nb6 12. Ne3 a4 13. b4 Bxe3 14. fxe3 Bg4 15.
Qe1 c5 16. Nh4 cxb4 17. axb4 Nc8 18. b5 Nd6 19. Ba3 Qd7 20. h3 Be6 21. c4 b6
22. Bb4 c5 23. bxc6 Qxc6 24. Ba3 Rfd8 25. Qg3 Kh8 26. Qf3 Kg8 27. Rad1 Nf7 28.
Qg3 Kh8 29. Rf2 Ra7 30. Rfd2 Rad7 31. Nf3 b5 32. cxb5 Qxb5 33. d4 Bb3 34. Rc1
Qb7 35. Qg4 Nh6 36. Qh4 Bf7 37. Rb2 Qa7 38. Rc6 Ng8 39. Bc5 Qa8 40. Rbb6 a3 41.
Ra6 a2 42. Qe1 Rb7 43. Nd2 Qb8 44. Rcb6 exd4 45. exd4 Rxb6 46. Rxb6 Qf4 47. Ra6
f5 48. d5 fxe4 49. Rxa2 Bxd5 50. Ra7 Ra8 51. Rxa8 Bxa8 52. Nc4 Nf6 53. Bd4 e3
54. Qxe3 Qxe3+ 55. Nxe3 Ne8 56. g4 Kg8 57. Kf2 Kf7 58. Kg3 Nf6 59. Nc4 Bd5 60.
Ne5+ Ke6 61. Kf4 h6 62. Nf3 Kf7 63. Bb2 g5+ 64. Ke3 Nxg4+ 65. hxg4 Bxf3 66.
Kxf3 Kg6 1/2-1/2

[Event "WchT (Women) 12th"]
[Site "Astana"]
[Date "2019.03.08"]
[Round "4.2"]
[White "Soumya, Swaminathan"]
[Black "Kosteniuk, Alexandra"]
[Result "1/2-1/2"]
[WhiteElo "2401"]
[BlackElo "2545"]
[PlyCount "155"]
[EventDate "2019.03.05"]
[EventType "team-tourn"]
[EventRounds "9"]
[EventCountry "KAZ"]
[SourceTitle "CBM 189"]
[Source "ChessBase"]
[SourceDate "2019.04.29"]
[SourceVersion "1"]
[SourceVersionDate "2019.04.29"]
[SourceQuality "1"]
[WhiteTeam "India (W)"]
[BlackTeam "Russia (W)"]
[WhiteTeamCountry "IND"]
[BlackTeamCountry "RUS"]

1. e4 e5 2. Bc4 Nc6 3. Nf3 Bc5 4. d3 Nf6 5. Nbd2 d6 6. c3 O-O 7. O-O a5 8. h3
Bd7 9. Bb3 Ba7 10. Re1 Ne7 11. a4 Ng6 12. d4 Bc6 13. Qc2 Re8 14. dxe5 Nxe5 15.
Nd4 Bd7 16. Nb5 Bc5 17. Re2 Nh5 18. Nf1 Ng6 19. Nd4 Qf6 20. Bd2 Bb6 21. Rd1
Nhf4 22. Bxf4 Nxf4 23. Re3 c5 24. Nf5 Bxf5 25. exf5 h6 26. Rde1 Re5 27. Rxe5
dxe5 28. Bc4 Qc6 29. Qe4 Qxe4 30. Rxe4 Bc7 31. h4 Rd8 32. g3 Nh5 33. Re2 Nf6
34. Rd2 Kf8 35. Rxd8+ Bxd8 36. Ne3 b6 37. Kf1 Ke7 38. Ke2 Ne4 39. Bd5 Nd6 40.
Kd3 Kd7 41. Ng4 f6 42. Ne3 Kc7 43. f3 Be7 44. g4 Bf8 45. b3 Be7 46. Nf1 h5 47.
Ng3 hxg4 48. fxg4 Kd7 49. Nh5 Bf8 50. Ng3 Be7 51. Nf1 Bd8 52. Nd2 Be7 53. Nf3
Bd8 54. Be4 b5 55. axb5 c4+ 56. bxc4 Bb6 57. Bc6+ Kc7 58. Nd2 a4 59. Bd5 Bf2
60. h5 Kb6 61. Ne4 Nxe4 62. Bxe4 Bc5 63. Kc2 Be7 64. Kb2 Ka5 65. Bd5 Bf8 66.
Bc6 Be7 67. Bf3 Bf8 68. Ka2 Be7 69. Kb2 Bf8 70. Kc2 Kb6 71. Kd3 Kc5 72. Bd5 Kb6
73. Kc2 Ka5 74. Bf3 Kb6 75. Kd3 Kc5 76. Bd5 Kb6 77. Bf3 Kc5 78. Bd5 1/2-1/2